Tasas de desnitrificación en una laguna costera tropical, la Ciénaga Grande de Santa Marta, mar Caribe, Colombia (Registro nro. 14628)

Detalles MARC
000 -CABECERA
Campo de control 004550000a22001330004500
090 ## - CLASIFICACIÓN LOCAL
Colección AS
Consecutivo Seriadas
041 0# - IDIOMA
Código de idioma para texto/pista de sonido o título separado
100 1# - ASIENTO PRINCIPAL--NOMBRE PERSONAL
Nombre personal Herrera Martínez, Yimy
245 10 - MENCION DE TITULO
Título Tasas de desnitrificación en una laguna costera tropical, la Ciénaga Grande de Santa Marta, mar Caribe, Colombia
700 1# - ASIENTO SECUNDARIO - NOMBRE PERSONAL
Nombre personal Campos C., Nestor H.
700 1# - ASIENTO SECUNDARIO - NOMBRE PERSONAL
Nombre personal Ramírez Triana, Gustavo
773 1# - Item fuente:
Título Caldasia
Especificación de materiales 45
Descripción física 2
Paginas del Articulo 285-298
Lugar, editorial y fecha de publicación 2000
Información sobre la relación 22
942 ## - ELEMENTOS ADICIONALES (KOHA)
Tipo de ítem Artículo

No hay ítems disponibles.